| 000 | 00000nam##2200000za#4500 |
| 001 | 9.574540 |
| 003 | CaOODSP |
| 005 | 20210624184231 |
| 007 | cr ||||||||||| |
| 008 | 150406|2006||||xxc|||||o f|0| 0 eng|d |
| 040 | |aCaOODSP|beng |
| 043 | |an-cn--- |
| 086 | 1 |aTU3-5/06-38E-PDF |
| 110 | 2 |aTransportation Safety Board of Canada. |
| 245 | 10|aRunway overrun - Canadian Global Air Ambulance Learjet 35A C-GAJS, Montréal/Pierre Elliott Trudeau International Airport, Quebec, 26 November 2006 |h[electronic resource] |
| 260 | |aGatineau - Quebec : |bTransportation Safety Board of Canada |c2007. |
| 300 | |a14p.|bglossary |
| 490 | 1 |aAviation investigation report |vA06Q0190 |
| 500 | |a"The Board authorized the release of this report on 27 November 2007" --p.14. |
| 590 | |a12-33-Supp|b2012-07-18 |
| 775 | 08|tSortie en bout de piste du Learjet 35A C-GAJS, exploité par Canadian Global Air Ambulance à l'aéroport international de Montréal/Pierre-Elliott-Trudeau (Québec), le 26 novembre 2006 |w(CaOODSP)9.604283 |
| 830 | #0|aAviation investigation report ;|vA06Q0190|w(CaOODSP)9.504825 |
| 856 | 40|ahttp://publications.gc.ca|qPDF|s176 KB|uhttps://publications.gc.ca/collections/collection_2012/bst-tsb/TU3-5-06-38-eng.pdf|yA06Q0190 |